| 000 | 00752cam a22002657a 4500 | ||
|---|---|---|---|
| 003 | CHAP | ||
| 005 | 20220817043128.0 | ||
| 008 | 971013s1986 r 00010 d | ||
| 010 | _a66371 | ||
| 011 | _a67343 | ||
| 035 | _a76813 | ||
| 040 | _cCHAP | ||
| 090 | _aFolleto 10160 | ||
| 110 | _aFAO | ||
| 245 | 0 |
_aOrdenación integrada de los manglares _b: sintèsis de siete seminarios nacionales en América Latina |
|
| 260 |
_aRoma : _bFAO, _c1986 |
||
| 300 | _a99 p. | ||
| 590 |
_aBATCH-UPD _b10 _c20130110 _lUCH01 _h0824 |
||
| 590 |
_aCONVERSION _b10 _c20130109 _lUCH01 _h1337 |
||
| 650 | 1 | 4 |
_aRhizophora mangle. _997139 |
| 700 | 0 |
_aRollet, B. _999449 |
|
| 901 | _aBK | ||
| 942 | _cFOLL | ||
| 949 |
_aFolleto 10160 _bBC _cFAO _d-29670 _eFAO1 _i76813 _si |
||
| 999 |
_c66371 _d66371 |
||